000 00558nam a2200181 4500
001 140235
003 ES-MaACL
005 20230906200034.0
007 t|
008 070214s1968 sp r ||||1| cat d
100 1 _aSchulz, Charles M.
_9104789
245 1 0 _aCon vulguis, Charlie Brown
_b: peanuts /
_cCharles M. Schulz ; traducció de Antoni Pigrau i Rodríguez.
250 _a1ª. ed.
260 _aBarcelona :
_bEdicions 62,
_c1968.
300 _a60 h. :
_bil. ;
_c21 cm.
700 1 _aPigrau, Antoni.
_992005
852 _aES-MaACL
_jC-49814
_bR.67982
999 _c140235
_d140235